000 01151cam a2200325 i 4500
001 2880
003 Mx-PuUPA
005 20251110124619.0
008 140415s2021 mx gr 000 0 spa d
020 _a9786071515414
040 _aMx-PuUPA
_bspa
_cMx-PuUPA
_dMx-PuUPA
_erda
041 0 _aspa
100 1 _aSchnarch Kirberg, Alejandro,
_917671
_eautor
245 1 0 _aDesarrollo de nuevos productos y empresas :
_bcreatividad, innovación y marketing /
_cAlejandro Schnarch Kirberg
250 _aSéptima edición
264 1 _aMéxico, D. F. :
_bMcGraw-Hill Interamericana Editores,
_c©2021
300 _axii, 334 páginas :
_bdiagramas, tablas ;
_c23 cm
336 _2rdacontent
_atexto
_btxt
337 _2rdamedia
_asin medio
_bn
338 _2rdacarrier
_avolumen
_bnc
650 7 _2armarc
_aAdministración de empresas
650 7 _2armarc
_aCiclo de vida del producto
650 7 _2armarc
_aAptitud creadora en los negocios
650 7 _2armarc
_aProductos nuevos
650 7 _2armarc
_aNuevas empresas
650 7 _2armarc
_aMercadeo
942 _2ddc
_cLI
_h658.575
_iS25
999 _c2880
_d2880